000 01089cam a22002771i 4500
003 SA-RiAUC
005 20241230082528.0
008 241227s1987 su g 000r0 ara c
040 _aSA-MaUQU
_bara
_cSA-RiAUC
_erda
082 0 4 _a213
_qSA-RiAUC
090 _a213
_bح س ن
100 1 _aالحسني، محمد بن علوي المالكي،
_d1367-1425 هجري
_eمؤلف.
245 1 0 _aقل هذه سبيلي /
_cمحمد بن علوي المالكي الحسني.
250 _aالطبعة الثانية، منقحة ومجودة.
264 1 _aجدة، السعودية :
_bدار الشروق،
_c1987
300 _a136 صفحة ؛
_c24 سم
336 _aنص
_btxt
_2rdacontent
_3كتاب
337 _aبدون وسيط
_bn
_2rdamedia
338 _aمجلد
_bnc
_2rdacarrier
650 7 _aالدعوة الإسلامية
_2aucsh
650 7 _aالوعظ والإرشاد
_2aucsh
650 7 _aالإيمان (فقه إسلامي)
_2aucsh
650 7 _aالإلهيات (علم الكلام)
_2aucsh
942 _2ddc
_cBOOK
_n0
949 _aSA-JeALM
_d241227
_umohamedma123
_n1
999 _c4107
_d4107